Movies Quiz

Random Movies Quiz

Do you know the movie franchises by description? Quiz Stats

 Plays Quiz not verified by Sporcle

Score 0/54 Timer 10:00
0 Plays Today
description Franchise % Correct
Dinosaurs come back to lifeJurassic Park
96.3%
A killer lurking around with a phantom maskScream
81.8%
Movie about a panda who ends up being the 'dragon warrior'Kung-Fu Panda
74.8%
Movies about a green ogre, a talking donkey and their fairytale landShrek
73.9%
Movies regarding a superhero who can eject webs from his handSpiderman
73.9%
A boy-wizard's adventure at a magical schoolHarry Potter
73.8%
Movie about a night watchman being in a museum where all the exhibits come to life at nightNight at the Museum
72.7%
Movies starring Sigourney Weaver as the main actress, who battles extra-terrestrial creaturesAlien
72.3%
Movies about a mammoth, a sabre-tooth tiger and sloth in the Arctic regionIce Age
70.3%
Movies about talking showbiz puppets, led by Kermit the FrogThe Muppets
67.4%
A killer doll attacks childrenChild's Play
66.4%
Movies about Freddy Kruger, and how he haunts people in their dreamsA Nightmare On Elm Street
65.5%
Movies about singing chipmunks, who later pair up with the 'Chipettes'Alvin and the Chipmunks
65.2%
A demented boy stabbing people with a forkHalloween
64.1%
A spy with hi-tech gadgets saves the dayJames Bond
63.5%
Superhero movie, involving characters such as the Human Torch and The ThingFantastic Four
62.6%
'secret agent' kids save the daySpy Kids
61.3%
People evade death, and then die one by oneFinal Destination
59.8%
Movies about cute little creatures, but turn monstrous after contact with waterGremlins
59.7%
Movies about massacres being carried out in Texas by a villan naimed Leatherface Texas Chainsaw Massacre
59.4%
Movies about the hunt for a jewel thief carried out by the stupid Inspector ClouseauPink Panther
57.2%
Spy movies regarding Ethan Hunt(Tom Cruise) and how he and the IMF foil terrorist plotsMission Impossible
55.9%
Movies about four women having a good time in New YorkSex and the City
55.4%
Movies showing the struggle between Lycans and Vampires.Underworld
54.3%
Movies about a group of people in a jungle being terrorized by a constricting snakeAnaconda
54%
Movies about an archaeologist(Tom Hanks) who tries to solve religious conspiracies and terrorist threats (Based on novels by Dan Brown)The Da Vinci Code
52.8%
Movies that casts Mickey Mouse as the main role, who is well remembered to be shown in a wizard's costumeFantasia
49.6%
description Franchise % Correct
An adventurous archaeologist Indiana Jones
47.9%
Comedy movies about a family which consist of 12 children and their parentsCheaper by the Dozen
46.8%
Animated story of a group of animals known as the 'Circle of Life'Lion King
46.7%
Comedy spoofs about horror movies Scary Movie
46.7%
'____' man (chemical symbol=Fe)Iron Man
44.4%
Strangers complete gory challengesSaw
44.4%
Futuristic soldiers battle giant insectsStarship Troopers
42.2%
Movies about dance-offs and relationships happening within groups- dance group Flawless has made a guest appearance in one of the movieStep Up
42%
Movies about a couple who adopts an orphan boy, but little do they no that he is the Anti-ChristThe Omen
42%
A long time ago, in a galaxy far, far away...Star Wars
41%
Movie about a family known as the KlumpsThe Nutty Professor
41%
Movies about a group of friends involved in an accident,however, they are getting followed by a killer...I Know What You Did Last Summer
38.6%
Autobots, transform!Transformers
37.3%
The Caped Crusader Batman
37%
Movies based on a single ringLord of the Rings
37%
Movie about the adventures of a lion, zebra, giraffe and a hippo in an islandMadagascar
37%
Movies about a group of prehistoric, carnivorous fish set loose in resort locationsPiranha
35.3%
They had the time of their lives... (sorry for the cheesy hint!)Dirty Dancing
34.5%
If you say his name three times, he comes to kill you, in a fairly gruesome manner...Candyman
33.1%
Movie about a vampire and a werewolf loving a girl in a town called ForksTwilight
33%
Movies about a gang of pirates in tropical AfricaPirates of the Caribbean
30.5%
Alien-fighting duo with hi-tech stuffMen in Black
26.8%
A family gets picked on by a devilParanormal Activity
25.9%
Movie about the waging war between aliens, predators, and, humans (sort of!)Aliens vs Predators
25.9%
Comedy movie about three friends and their strange mishapsThe Hangover
22.8%
Movie abour the Umbrella Corporation and a survivor named AliceResident Evil
18.2%
Slapstick movies, with no reference to each otherCarry On
11.4%

You're not logged in!

Compare scores with friends on all Sporcle quizzes.
OR
Log In

Show Comments

Extras

Top Quizzes Today


Score Distribution

Your Account Isn't Verified!

In order to create a playlist on Sporcle, you need to verify the email address you used during registration. Go to your Sporcle Settings to finish the process.

Report this User

Report this user for behavior that violates our Community Guidelines.

Details: